000 00294nam a22001337a 4500
008 181105b xxu||||| |||| 00| 0 eng d
020 _a081511429
041 _aeng
080 _a616.5
100 _a7
101 _aDER
245 _aColor Atlas of Dermatology
_cLevene, G.M
942 _2udc
_cBK
999 _c51859
_d51859